| 000 | 00448nam a2200217Ia 4500 | ||
|---|---|---|---|
| 001 | Z_3718 | ||
| 003 | CHAP | ||
| 005 | 20221020185411.0 | ||
| 007 | ta | ||
| 008 | 220113s9999 xx 000 0 und d | ||
| 010 | _a166799 | ||
| 040 | _cCHAP | ||
| 090 | _aR-65 | ||
| 245 | 1 | 0 | _aAnĂ¡lisis de covarianza / |
| 260 |
_as.l. : _bs.e., _c |
||
| 300 | _a15 hojas | ||
| 901 | _aR-65 | ||
| 902 | _aA | ||
| 910 | _a | ||
| 942 |
_cREIMP _2local |
||
| 999 |
_c166799 _d166799 |
||